000 00607nam a2200181Ia 4500
003 GCL
008 140319s9999 xx 000 0 ara d
040 _aGCL /
_cGCL
082 0 4 _a616.0194
_bع ا
100 1 _aعبدالحميد عبدالعزيز
245 1 0 _aالايدز: الاعراض والوقاية /
_cعبدالحميد عبدالعزيز
260 _a[S.N] :
_bدار الفكر العربى ،
_c1988
300 _a121 ص
490 _aسلسلة الثقافة الجنسية
_v0
650 0 4 _aالايدز
650 0 4 _aمرض نقص المناعة المكتسبة
942 _2ddc
_cBK
999 _c36383
_d36383